| 000 | 00497nam a22001697a 4500 | ||
|---|---|---|---|
| 005 | 20260330150914.0 | ||
| 008 | 260330b |||||||| |||| 00| 0 eng d | ||
| 020 | _a978-93-87791-88-6 | ||
| 082 | _a006.31 | ||
| 100 | _aSuresh Nambath [Ed.] | ||
| 245 |
_aArtificial Intelligence : A History of the Present _cSuresh Nambath[Ed.] |
||
| 250 | _a1st | ||
| 260 |
_aChennai _bTHG Publishing Private Ltd. _c2025 |
||
| 650 |
_vComputer Science _xArtificial Intelligence |
||
| 942 | _cBK | ||
| 999 |
_c249505 _d249505 |
||